00374nam a2200133 a 4500008004100000050001500041100001900056245004200075260004200117300001000159350000900169650001400178650004800192120416s1967 ||||||||||||||||| || u aHC 905 Hor aHorwitz, Ralph14aThe political economy of South Africa aLondonbWeidenfeld and Nicalsonc1967 a522p. a0.00 0aECONOMICS aECONOMICS--AFRICA--SOUTH--POLITICAL ASPECTS